ბათუმის შოთა რუსთაველის სახელმწიფო უნივერსიტეტის ბიბლიოთეკა

С/С++Программирование на языке высокого уровня (ბიბ.ჩანაწერი № 35142)

000 -LEADER
fixed length control field 00751nam a2200229Ia 4500
001 - CONTROL NUMBER
control field 984
003 - CONTROL NUMBER IDENTIFIER
control field GE_BSU
008 - FIXED-LENGTH DATA ELEMENTS--GENERAL INFORMATION
fixed length control field 181216s||||||||xx |||||||||||||| ||und||
010 ## - LIBRARY OF CONGRESS CONTROL NUMBER
LC control number 5947235684
040 ## - CATALOGING SOURCE
Transcribing agency GE_BSU
080 ## - UNIVERSAL DECIMAL CLASSIFICATION NUMBER
Universal Decimal Classification number 004.9(075.8)
100 ## - MAIN ENTRY--PERSONAL NAME
Personal name Павловская,Т.А.
245 ## - TITLE STATEMENT
Title С/С++Программирование на языке высокого уровня
245 ## - TITLE STATEMENT
Remainder of title Уч-у пособ. для вузов по напр-ю "информатика и вычислительная техника
260 ## - PUBLICATION, DISTRIBUTION, ETC.
Place of publication, distribution, etc. СПБ
260 ## - PUBLICATION, DISTRIBUTION, ETC.
Name of publisher, distributor, etc. Питер
260 ## - PUBLICATION, DISTRIBUTION, ETC.
Date of publication, distribution, etc. 2004
300 ## - PHYSICAL DESCRIPTION
Extent 460стр.
653 ## - INDEX TERM--UNCONTROLLED
Uncontrolled term С/С++Программирование на языке высокого уровня
942 ## - ADDED ENTRY ELEMENTS (KOHA)
Koha item type წიგნი
ეგზემპლარები
Withdrawn status Lost status Damaged status Not for loan Date acquired Barcode Date last seen Price effective from Koha item type
        2018-12-17 873 2018-12-17 2018-12-17 წიგნი